00642nam a2200205 i 4500001000300000100002400003245007900027250001300106260004900119020001500168040000800183041000800191080000700199920001800206942000700224008004100231999001700272856009800289952004900387bg1 aMATTUCK, Richard D. 0aA guide to Feynman diagrams in the manybody problem /cRichard D. Mattuck. aEdit. 2. aNew York :bMcGraw-Hill Book Company,c1976. a0070409544 cBPK apol a53 a0-07-040954-4 cKS s pl f |000 0 pol  c27631d27631 uhttp://koha.tu.koszalin.pl/cgi-bin/koha/opac-detail.pl?biblionumber=27631yKatalog online BPK 00104070aBPKbBPKcwo22376p01927719yKS